000 01101cam a2200253 a 4500
999 _c4929
_d4929
003 OSt
005 20220331085558.0
008 070327s2008 njua b 001 0 eng
020 _a9780136135500 (casebound)
020 _a0136135501 (casebound)
040 _cDLC
050 0 0 _aLB1028
_b.C742 2008
100 1 _aCreswell, John W.
245 1 0 _aEducational research :
_bplanning, conducting, and evaluating quantitative and qualitative research /
_cJohn W. Creswell.
250 _a3rd ed.
260 _aUpper Saddle River, N.J. :
_bPearson/Merrill Prentice Hall,
_cc2008.
300 _axvii, 670 p. :
_bcol. ill. ;
_c26 cm.
504 _aIncludes bibliographical references (p. 650-658) and indexes.
650 0 _aEducation
_xResearch
_xMethodology.
856 4 1 _uhttp://172.30.46.200/cgi-bin/koha/opac-retrieve-file.pl?id=a81ae27ea10e4422a40770dd4da1e031
906 _a7
_bcbc
_corignew
_d1
_eecip
_f20
_gy-gencatlg
942 _2lcc
_cEB
_nMW